000 00671 a2200193 4500
020 _a0471464406
020 _a9780471464402
082 0 4 _a530
090 _c468
_d468
100 1 _aCummings, Karen.
245 1 0 _aUnderstanding physics, /
_cKaren Cummings, Priscilla W. Laws, Edward F. Redish, Patrick J. Cooney.
260 _a[S.l.] :
_bWiley,
_c2004.
300 _a361 p. ;
_c29 cm.
700 1 _aLaws, Priscilla W.
700 1 _aRedish, Edward F.
700 1 _aCooney, Patrick J.
942 _aSNS
_cBK
_k530 CUM
999 _c29099
_d29099